100 polskich miast (z odpowiedziami) - Statystyki

Ogólne statystyki
  • Ten quiz został rozwiązany 386 razy
  • Średni wynik to 64 z 100
Odpowiedzi na mapie
Odpowiedzi zakodowano w zielono-czerwonej skali na mapie do tego quizu, zgodnie z poniższymi procentami.
 
Statystyki odpowiedzi
Miasto Miasto % Poprawnych
Poznań Poznań
85%
Białystok Białystok
80%
Gdańsk Gdańsk
80%
Warszawa Warszawa
80%
Augustów Augustów
79%
Gdynia Gdynia
79%
Szczecin Szczecin
79%
Bydgoszcz Bydgoszcz
78%
Kraków Kraków
77%
Łódź Łódź
77%
Wrocław Wrocław
77%
Zielona Góra Zielona Góra
76%
Gorzów Wielkopolski Gorzów Wielkopolski
75%
Lublin Lublin
75%
Olsztyn Olsztyn
75%
Katowice Katowice
74%
Koszalin Koszalin
74%
Świnoujście Świnoujście
74%
Kielce Kielce
73%
Opole Opole
73%
Toruń Toruń
73%
Bielsko-Biała Bielsko-Biała
72%
Kołobrzeg Kołobrzeg
72%
Piła Piła
71%
Radom Radom
71%
Rzeszów Rzeszów
71%
Elbląg Elbląg
70%
Bełchatów Bełchatów
68%
Bytom Bytom
68%
Ełk Ełk
68%
Malbork Malbork
68%
Słupsk Słupsk
68%
Suwałki Suwałki
68%
Włocławek Włocławek
68%
Zakopane Zakopane
68%
Gniezno Gniezno
67%
Konin Konin
67%
Stargard Stargard
66%
Biała Podlaska Biała Podlaska
65%
Zabrze Zabrze
65%
Gliwice Gliwice
64%
Chełm Chełm
63%
Inowrocław Inowrocław
63%
Jelenia Góra Jelenia Góra
63%
Lubin Lubin
63%
Ostrów Wielkopolski Ostrów Wielkopolski
63%
Pabianice Pabianice
63%
Płock Płock
63%
Sosnowiec Sosnowiec
63%
Zamość Zamość
63%
Częstochowa Częstochowa
62%
Wielkopolskie Kalisz
62%
Legnica Legnica
62%
Nowy Targ Nowy Targ
62%
Ostrołęka Ostrołęka
62%
Piotrków Trybunalski Piotrków Trybunalski
62%
Przemyśl Przemyśl
62%
Szczecinek Szczecinek
62%
Tczew Tczew
62%
Chojnice Chojnice
61%
Grudziądz Grudziądz
61%
Leszno Leszno
61%
Łomża Łomża
61%
Nowy Sącz Nowy Sącz
60%
Rybnik Rybnik
60%
Tarnów Tarnów
60%
Gryfice Gryfice
59%
Międzychód Międzychód
59%
Sandomierz Sandomierz
59%
Giżycko Giżycko
58%
Kłodzko Kłodzko
58%
Nysa Nysa
58%
Stalowa Wola Stalowa Wola
58%
Wałbrzych Wałbrzych
58%
Jastrzębie-Zdrój Jastrzębie-Zdrój
57%
Krosno Krosno
57%
Siedlce Siedlce
57%
Turek Turek
57%
Bolesławiec Bolesławiec
56%
Cieszyn Cieszyn
56%
Kutno Kutno
56%
Mielec Mielec
56%
Ostrowiec Świętokrzyski Ostrowiec Świętokrzyski
56%
Pisz Pisz
56%
Sanok Sanok
56%
Tomaszów Mazowiecki Tomaszów Mazowiecki
56%
Tychy Tychy
56%
Zgorzelec Zgorzelec
56%
Głogów Głogów
55%
Puławy Puławy
55%
Skierniewice Skierniewice
55%
Ciechanów Ciechanów
54%
Kędzierzyn-Koźle Kędzierzyn-Koźle
54%
Tarnobrzeg Tarnobrzeg
54%
Łowicz Łowicz
53%
Sieradz Sieradz
53%
Kluczbork Kluczbork
52%
Opoczno Opoczno
52%
Radomsko Radomsko
52%
Świdnica Świdnica
51%
Nie znaleziono quizów pasujących do podanych kryteriów
Rozkład punktacji
Procent ludzi z każdym wynikiem
Percentyl według liczby udzielonych odpowiedzi
Twoja historia wyników
Nie rozwiązałeś tego quizu